ბათუმის შოთა რუსთაველის სახელმწიფო უნივერსიტეტის ბიბლიოთეკა

Математика. Поиск истины (ბიბ.ჩანაწერი № 39015)

000 -LEADER
fixed length control field 00621nam a2200217Ia 4500
001 - CONTROL NUMBER
control field 5520
003 - CONTROL NUMBER IDENTIFIER
control field GE_BSU
008 - FIXED-LENGTH DATA ELEMENTS--GENERAL INFORMATION
fixed length control field 181216s||||||||xx |||||||||||||| ||und||
020 ## - INTERNATIONAL STANDARD BOOK NUMBER
International Standard Book Number 503009183
040 ## - CATALOGING SOURCE
Transcribing agency GE_BSU
080 ## - UNIVERSAL DECIMAL CLASSIFICATION NUMBER
Universal Decimal Classification number
100 ## - MAIN ENTRY--PERSONAL NAME
Personal name Клайн, М
245 ## - TITLE STATEMENT
Title Математика. Поиск истины
245 ## - TITLE STATEMENT
Statement of responsibility, etc. Под ред. Ю. В. Сачкова и В.И. Аршинова Пер. с англ. Ю.А. Данилова;
260 ## - PUBLICATION, DISTRIBUTION, ETC.
Place of publication, distribution, etc. Москва
260 ## - PUBLICATION, DISTRIBUTION, ETC.
Name of publisher, distributor, etc. Мир,
260 ## - PUBLICATION, DISTRIBUTION, ETC.
Date of publication, distribution, etc. 1988.
300 ## - PHYSICAL DESCRIPTION
Extent 295 с22см.
653 ## - INDEX TERM--UNCONTROLLED
Uncontrolled term Математика. Поиск истины
942 ## - ADDED ENTRY ELEMENTS (KOHA)
Koha item type წიგნი
ეგზემპლარები
Withdrawn status Lost status Damaged status Not for loan Date acquired Barcode Date last seen Price effective from Koha item type
        2018-12-17 16009 2018-12-17 2018-12-17 წიგნი